[Event "Barcelona Sant Marti op-B 24th"]
[Site "Barcelona"]
[Date "2024.07.18"]
[Round "6"]
[White "Padilla Mestre, Oscar Ivan"]
[Black "Casali Mata, Kevin"]
[Result "1-0"]
[WhiteElo "1806"]
[BlackElo "1699"]
[PlyCount "89"]
[EventDate "2024.07.13"]
[EventType "swiss"]
[EventRounds "9"]
[EventCountry "ESP"]
[SourceTitle "EXT 2025"]
[Source "ChessBase"]
[SourceDate "2024.10.14"]
[SourceVersion "1"]
[SourceVersionDate "2024.10.14"]
[SourceQuality "1"]

1. e4 e5 2. Nf3 Nc6 3. d4 exd4 4. c3 dxc3 5. Nxc3 d6 6. Bc4 Be6 7. Bxe6 fxe6 8. Qb3 Qd7 9. Qxb7 Rb8 10. Qa6 e5 11. 0-0 Nf6 12. Rd1 Rb6 13. Qc4 Rb4 14. Qd3 Nd4 15. a3 Nxf3+ 16. Qxf3 Rb3 17. Qe2 Qc6 18. Bg5 Rg8 19. Bxf6 gxf6 20. Qh5+ Rg6 21. Qxh7 Rh6 22. Qg8 Rxb2 23. Qe6+ Kd8 24. Nd5 Qd7 25. Qxd7+ Kxd7 26. Rac1 Rb7 27. Rc3 c6 28. Nb4 Rc7 29. Rdc1 c5 30. Nd5 Rb7 31. Rg3 Ke6 32. Rf3 Rg6 33. h3 Bh6 34. Rd1 Rbg7 35. g3 Rb7 36. Kh2 Bg7 37. h4 Rg4 38. Re1 Rg6 39. Kh3 Rh6 40. Ree3 Bh8 41. Rf5 Rf7 42. Rb3 Rfh7 43. Rb8 Rh5 44. Rxh5 Rxh5 45. Rb7 1-0